000 00912nam a2200253Ia 4500
003 OSt
005 20220923222755.0
006 a|||||r|||| 00| 0
007 ta
008 220922b |||||||| |||| 00| 0 hin d
024 _a207,741
037 _cTextual
040 _aARTS
_cARTS
_bhin
041 _2hin
_ahin
082 _aO152,3NNI,VF, N7.2
100 _aनिर्मम, हेमराज; निर्मम, हेमराज, अनु.
_9160565
245 0 _aवसन्त फिर आएगा
246 _aVasanta fir āegā
260 _aजयपुर
_b अर्चना प्रका0
_c1997
300 _a191]174पृ.
_ccm.
650 _aहिन्दी साहित्य
_9156264
942 _hO152,3NNI,VF, N7.2
_cTEXL
_2CC
999 _c358358
_d358358